000 004870000a22001210004500
090 _aAS
_bSeriadas
245 1 0 _aEspecie nueva de serpiente coral (Elapidae, Micrurus), de la región de Urrá, municipio de tierra alta, Córdoba, noroccidente de Colombia
041 0 _aEspañol
700 1 _aLundberg, Mikael
_921346
100 1 _aRenjifo, Juan Manuel
_920567
942 _cARTICULO
773 1 _tRevista de Academia Colombiana de Ciencias Exactas, Físicas y Naturales
_h102
_q141-144
_d2003
_g27
999 _c15527
_d15527